El director de las almas, methodo para dirigirlas por el camino de la perfección christiana

Detalles Bibliográficos
Autor principal: PIAMONTI, Pedro Juan
Formato: Libro
Publicado: Gerona s.d.
Materias:
Colección:Banco de datos
Acervo:Biblioteca del Museo Regional de Querétaro. INAH. Querétaro
Tema general:Ascética
Notas:Buena. 4J3, 23
LEADER 00684nam a22001930004500
035 |a 27107 
036 |a 816 
100 1 |a PIAMONTI, Pedro Juan 
245 1 0 |a El director de las almas, methodo para dirigirlas por el camino de la perfección christiana 
260 |a Gerona  |b Narciso Oliva  |c s.d. 
500 |a Buena. 4J3, 23 
650 1 0 |a Ascética 
949 |a C.R.Q. 
959 |a Ex convento Grande de San Francisco de la ciudad de Querétaro, Museo Regional de Querétaro  |b CCC2 
960 |a Colección General, Querétaro  |b DD80 
961 |a Varias Ordenes Religiosas  |b VO 
942 |c C.R.Q. 
943 |g Biblioteca del Museo Regional de Querétaro. INAH. Querétaro 
999 |c 983423  |d 983423